Films d'animation adaptés de bandes dessinées francophones en images - Statistiques

Statistiques générales
  • Ce quiz a été pris 386 fois
  • Le résultat moyen est 10 sur 18
Statistiques - réponses
Par images Réponse % Correct
Les Aventures de Tintin : Le Secret de La Licorne
100%
Astérix le Gaulois
99%
Titeuf, le film
99%
Lucky Luke
96%
Les Schtroumpfs et le Village perdu
91%
Yakari : La Grande Aventure
86%
Le Petit Nicolas : Qu'est-ce qu'on attend pour être heureux ?
84%
Bécassine et le Trésor viking
81%
Persepolis
46%
Corto Maltese, la cour secrète des arcanes
41%
La Flûte à six schtroumpfs
31%
Le Chat du rabbin
30%
Les Légendaires
30%
Petit Vampire
17%
Zombillénium
14%
Le Grand Méchant Renard et autres contes...
13%
Aya de Yopougon
10%
Mutafukaz
9%
Aucun quiz correspondant
Distribution des résultats
% des personnes avec chaque résultat
Percentile par nombre de réponses
Votre historique - résultats
Vous n’avez pas pris ce quiz